000 00283nam a22001097a 4500
008 170110b xxu||||| |||| 00| 0 eng d
020 _a0803634099
041 _aeng
080 _a618.2
245 _aANALYSIS AND EVALUATION OF CONCEPTUAL MODELS OF NURSING
_cFAWCETT, J
942 _2udc
_cBK
999 _c2672
_d2672